Southville International School and Colleges
Your cart is empty.
  • Cart
  • Lists
    Public lists Eva Luna New books Lux_list list_1
    Your lists Log in to create your own lists
  • Log in to your account
  • Your cookies
  • Search history
Southville International School and Colleges
  • Advanced search
  • Recent comments
  • Most popular
  • Libraries

Log in to your account

Log in with GOOGLE


If you do not have an external account, but do have a local account, you can still log in:

  1. Home
  2. MARC view: Writing essays :
Normal view MARC view ISBD view

Writing essays : (Record no. 306695)

[ view plain ]
MARC details
000 -LEADER
fixed length control field 01612cam a2200373 i 4500
001 - CONTROL NUMBER
control field 18622003
003 - CONTROL NUMBER IDENTIFIER
control field LC
005 - DATE AND TIME OF LATEST TRANSACTION
control field 20170217162905.0
008 - FIXED-LENGTH DATA ELEMENTS--GENERAL INFORMATION
fixed length control field 150519t20162016enk b 001 0 eng
010 ## - LIBRARY OF CONGRESS CONTROL NUMBER
LC control number 2015019907
020 ## - INTERNATIONAL STANDARD BOOK NUMBER
International Standard Book Number 9781138916685 (hbk)
020 ## - INTERNATIONAL STANDARD BOOK NUMBER
Cancelled/invalid ISBN 9781138916692 (pbk)
020 ## - INTERNATIONAL STANDARD BOOK NUMBER
Cancelled/invalid ISBN 9781315689449 (ebk)
040 ## - CATALOGING SOURCE
Original cataloging agency DLC
Language of cataloging eng
Transcribing agency DLC
Description conventions rda
Modifying agency DLC
042 ## - AUTHENTICATION CODE
Authentication code pcc
050 00 - LIBRARY OF CONGRESS CALL NUMBER
Classification number PE 1408
Item number .T87 2016
082 00 - DEWEY DECIMAL CLASSIFICATION NUMBER
Classification number 808/.042
100 1# - MAIN ENTRY--PERSONAL NAME
Personal name Turley, Richard Marggraf,
Dates associated with a name 1970-
Relator term author.
245 10 - TITLE STATEMENT
Title Writing essays :
Remainder of title a guide for students in English and the Humanities /
Statement of responsibility, etc Richard Marggraf Turley.
250 ## - EDITION STATEMENT
Edition statement Second edition.
260 ## - PUBLICATION, DISTRIBUTION, ETC. (IMPRINT)
Place of publication, distribution, etc London :
Name of publisher, distributor, etc Routledge,
Date of publication, distribution, etc 2016
300 ## - PHYSICAL DESCRIPTION
Extent xv, 141 pages ;
Dimensions 23 cm
504 ## - BIBLIOGRAPHY, ETC. NOTE
Bibliography, etc Includes bibliographical references and index.
505 0# - FORMATTED CONTENTS NOTE
Formatted contents note How to write introductions -- The middle section: structure & critics -- More on the middle section: linkage -- How to write conclusions -- Grammar & punctuation -- Improving your style -- Quotations, footnotes, & bibliographies -- Getting the most out of secondary sources -- The undergraduate dissertation -- How to write exam essays.
650 #0 - SUBJECT ADDED ENTRY--TOPICAL TERM
Topical term or geographic name as entry element English language
General subdivision Rhetoric.
650 #0 - SUBJECT ADDED ENTRY--TOPICAL TERM
Topical term or geographic name as entry element English philology
General subdivision Authorship.
650 #0 - SUBJECT ADDED ENTRY--TOPICAL TERM
Topical term or geographic name as entry element Humanities literature
General subdivision Authorship.
650 #0 - SUBJECT ADDED ENTRY--TOPICAL TERM
Topical term or geographic name as entry element Criticism
General subdivision Authorship.
650 #0 - SUBJECT ADDED ENTRY--TOPICAL TERM
Topical term or geographic name as entry element Academic writing.
650 #0 - SUBJECT ADDED ENTRY--TOPICAL TERM
Topical term or geographic name as entry element Report writing.
906 ## - LOCAL DATA ELEMENT F, LDF (RLIN)
a 7
b cbc
c orignew
d 1
e ecip
f 20
g y-gencatlg
942 ## - ADDED ENTRY ELEMENTS (KOHA)
Source of classification or shelving scheme Library of Congress Classification
Koha item type Books
Holdings
Withdrawn status Lost status Source of classification or shelving scheme Damaged status Home library Current library Shelving location Date acquired Source of acquisition Sub Shelving location Total Checkouts Full call number Barcode Date last seen Date checked out Price effective from Koha item type
    Library of Congress Classification   Luxembourg Library Luxembourg Library Teachers Reference Section 02/17/2017 Library Fund   1 PE 1408 .T87 2016 20403 05/06/2017 05/06/2017 02/17/2017 Books

Writing essays :

APA

Turley R. M., . (2016). Writing essays. London: Routledge.

Chicago

Turley Richard Marggraf, . 2016. Writing essays. London: Routledge.

Harvard

Turley R. M., . (2016). Writing essays. London: Routledge.

MLA

Turley Richard Marggraf, . Writing essays. London: Routledge. 2016.

  • Place hold
  • Print
  • Cite
  • Add to your cart (remove)
  • Save record
    BIBTEX Dublin Core MARCXML MARC (non-Unicode/MARC-8) MARC (Unicode/UTF-8) MARC (Unicode/UTF-8, Standard) MODS (XML) RIS
  • More searches
    Search for this title in:
    Other Libraries (WorldCat) Other Databases (Google Scholar) Online Stores (Bookfinder.com) Open Library (openlibrary.org)

Exporting to Dublin Core...

SOUTHVILLE LIBRARY

Southville International School and Colleges Library

1281 Tropical Ave. Cor. Luxembourg St., BF Homes International, Las Pinas City

Tel. No. 8256374 / 252358 Loc. 117/146

Powered by Koha